Moderná marketingová komunikácia v konkrétnom podniku diplomová práca

Salvato in:
Dettagli Bibliografici
Autore principale: Kováčová, Simona
Ente Autore: Obchodná fakulta EU. Katedra marketingu
Altri autori: Daneshjo, Naqibullah, 1964-
Natura: Libro
Lingua:slovacco
Pubblicazione: Bratislava 2024
Tags: Aggiungi Tag
Nessun Tag, puoi essere il primo ad aggiungerne!!

MARC

LEADER 00000nbm a2200000 4500
001 0302234
005 20250702081241.8
041 0 |a slo 
044 |a SK 
245 1 0 |a Moderná marketingová komunikácia v konkrétnom podniku  |b diplomová práca  |c Simona Kováčová ; školiteľ: Naqibullah Daneshjo 
264 1 |a Bratislava  |c 2024 
300 |a 72 s. 
100 1 |a Kováčová, Simona 
700 1 |a Daneshjo, Naqibullah, 1964- 
710 2 |a Obchodná fakulta EU. Katedra marketingu